000
00237nam a2200097Ia 4500
001
683044
005
20250826161430.0
008
250824s9999 xx 000 0 und d
245
0
_a
YOKUŞ
_c
HEKİMOĞLU İSMAİL
260
_b
TİMAŞ YAYINLARI
999
_c
683044
_d
683044